Famous or At Least Reasonably Well Known Books by Hints - Statistics

General Stats
  • This quiz has been taken 11 times
  • The average score is 4 of 11
Answer Stats
Hint Answer % Correct
William Golding - Left to their own devices... boys will be boys. Lord of the Flies
91%
Ernest Hemingway - Luckless, old coot in the Caribbean gets his catch et by water bities while bringing it home. The Old Man and the Sea
73%
Stephen King - The Master of the Macabre does it again in originality. Imagine! An evil clown! It
64%
Stephen King - A haunted... wait for it! No... not a house. A haunted HOTEL! The Shining
64%
Thomas Mann - An ageing, old pervert in the land of the gondola. Death in Venice
45%
Oscar Wilde - An interesting little drama with homosexuality just below the surface. The Picture of Dorian Gray
45%
Stephen King - "Body by Plymouth... soul by Satan!" Christine
36%
Stephen King - Dracula rewritten for a New England setting. Salem's Lot
18%
Ernest Hemingway - Toro murder. Death in the Afternoon
9%
Leon Uris - The Berlin air-lift and the boring tale of a US serviceman coming to grips with post WWII Germany. The title is hopelessly miscast. Armaggedon
0%
Robert E. Heinlein. Lazarus. Breeding experiment. Incest. Time Enough For Love
0%
No matching quizzes found
Score Distribution
Percent of People with Each Score
Percentile by Number Answered
Your Score History
You have not taken this quiz